| 000 | 00487nam a2200181 a 4500 | ||
|---|---|---|---|
| 001 | 000026642 | ||
| 005 | 20200930030329.0 | ||
| 008 | 110324s19uu dr 000 0 spa d | ||
| 020 | _a8439985533 | ||
| 040 |
_aDO-SdBNP _bspa _cBNPHU |
||
| 100 | 1 |
_aGimbernard, Jacinto _953762 |
|
| 245 | 1 | 0 |
_aHistoria de Santo Domingo / _cJacinto Gimbernard. |
| 250 | _a7a ed. rev. | ||
| 260 |
_aMadrid : _bMELSA, _c[198?]. |
||
| 300 |
_a397 p. ; _c21 cm. |
||
| 500 | _aIncluye índice | ||
| 049 | _aBNPD | ||
| 999 |
_c26134 _d26134 |
||